Whole life performance of domestic automatic door controls (Record no. 102184)

MARC details
000 -LEADER
fixed length control field 00532cam a2200193 4500
008 - FIXED-LENGTH DATA ELEMENTS--GENERAL INFORMATION
fixed length control field 020716n2002 000 0 eng u
020 ## - INTERNATIONAL STANDARD BOOK NUMBER
International Standard Book Number 1860815383
035 ## - SYSTEM CONTROL NUMBER
System control number (Sirsi) u118848
050 ## - LIBRARY OF CONGRESS CALL NUMBER
Classification number 690.18
100 ## - MAIN ENTRY--PERSONAL NAME
Personal name Garvin, S.
245 ## - TITLE STATEMENT
Title Whole life performance of domestic automatic door controls
260 ## - PUBLICATION, DISTRIBUTION, ETC.
Place of publication, distribution, etc. Garston
Name of publisher, distributor, etc. BRE
Date of publication, distribution, etc. 2002
300 ## - PHYSICAL DESCRIPTION
Extent 16p.
Other physical details ill
Dimensions 30cm.
490 ## - SERIES STATEMENT
Series statement Information Paper
Volume/sequential designation 2/02
650 ## - SUBJECT ADDED ENTRY--TOPICAL TERM
Topical term or geographic name entry element DOORS
650 ## - SUBJECT ADDED ENTRY--TOPICAL TERM
Topical term or geographic name entry element FIRE DOORS
690 ## - LOCAL SUBJECT ADDED ENTRY--TOPICAL TERM (OCLC, RLIN)
Topical term or geographic name as entry element BUILDING AND CONSTRUCTION-DESIGN AND STRUCTURE
942 ## - ADDED ENTRY ELEMENTS (KOHA)
Suppress in OPAC 0
Holdings
Withdrawn status Lost status Source of classification or shelving scheme Damaged status Not for loan Home library Current library Shelving location Date acquired Total Checkouts Full call number Barcode Date last seen Copy number Price effective from Koha item type
    Dewey Decimal Classification     London London BRE publications 16/07/2002   ENQUIRY DESK 30066277 06/08/2019 1 06/08/2019 Book